| 000 | 01151nam0a2200301 4500 | ||
|---|---|---|---|
| 001 | RU\NLR\bibl\833291 | ||
| 005 | 20260409074701.0 | ||
| 010 |
_a5-699-09702-3 _93000 |
||
| 021 |
_aRU _b2005-39407 _91960 |
||
| 035 | _a(NLR Aleph) 000822149 | ||
| 090 |
_a1307971 _c1307971 |
||
| 100 | _a20050822d2005 |||y0rusy50 ca | ||
| 101 | 0 | _arus | |
| 102 | _aRU | ||
| 105 | _ay ||||||||| | ||
| 200 | 1 |
_aИнформационное право _e(право Интернета) _fА.А. Тедеев |
|
| 210 |
_aМосква _cЭксмо _d2005 |
||
| 215 |
_a301, [1] с. _d22 |
||
| 225 | 1 | _aПолный курс за 3 дня | |
| 320 | _aБиблиогр. в конце кн. и в подстроч. примеч. | ||
| 606 |
_aИнформационное право _jУчебные издания для высших учебных заведений _yРоссийская Федерация _92192871 _3RU\NLR\auth\661318093 |
||
| 686 | _aХ62ф.я73 | ||
| 700 | 1 |
_aТедеев _bА. А. _gАстамур Анатольевич _4070 |
|
| 801 | 0 |
_aRU _bNLR _c20050822 _grcr |
|
| 801 | 1 |
_aRU _bNLR _c20050822 |
|
| 942 | _cBOOK | ||
| 980 | _aNB | ||